| 000 | 00531 a2200157 4500 | ||
|---|---|---|---|
| 999 |
_c122 _d122 |
||
| 008 | 200212b ||||| |||| 00| 0 eng d | ||
| 020 | _a9789280161151 | ||
| 082 | 0 | 0 |
_a623.8887 _bI339 |
| 110 |
_976 _aInternational Maritime Organization |
||
| 245 | _aModel Course 1.23: proficiency in survival craft and rescue boats, other than fast rescue boats | ||
| 260 |
_bInternational Maritime Organization, _c2000. _aLondon: |
||
| 300 | _av, 68 p. | ||
| 490 | 0 | _aModel Course 1.23 | |
| 650 | 0 | _aNavigation--Safety measures | |
| 942 |
_2ddc _cBK |
||